| 000 | 00557nam a22002057a 4500 | ||
|---|---|---|---|
| 999 |
_c7707 _d7707 |
||
| 003 | OSt | ||
| 005 | 20220218113756.0 | ||
| 008 | 220218b ||||| |||| 00| 0 eng d | ||
| 020 | _a9781292018201 | ||
| 040 | _cDDC | ||
| 082 | _a658.152 GIT ,2015 | ||
| 100 |
_aGitman, Lawrence ,Zutter Chad J _915738 |
||
| 245 | _aPRINCIPLES OF MANAGERIAL FINANCE | ||
| 250 | _a4TH | ||
| 260 |
_aNEWYORK _bPEARSON _c2015 |
||
| 300 |
_a850P. _bILLCOL; _c25CM |
||
| 504 | _aINCLUDES GLOSSARY,APPENDIX AND INDEX | ||
| 650 |
_aMANAGERIAL FINANCE _915739 |
||
| 942 |
_2ddc _cBOOK |
||